American Tour - Statistics

General Stats
  • This quiz has been taken 26 times
  • The average score is 11 of 15
Answer Stats
Move to the neighbor... Country % Correct
whose territory once formed the core of the Maya civilization Guatemala
100%
which permanently abolished its army in 1949 Costa Rica
96%
whose capital's name starts with T Honduras
96%
which is the largest country in the Central American isthmus Nicaragua
96%
where the Volcán Barú is located Panama
92%
whose anthem is ¡Oh, Gloria Inmarcesible! Colombia
84%
to which the Galápagos Islands pertain Ecuador
76%
where the Inca citadel Machu Picchu is located Peru
76%
where Santa Cruz de la Sierra is its most populous city Bolivia
68%
which won the War of the Pacific (1879 - 1883) Chile
60%
whose name comes from the Latin word for silver Argentina
56%
where Guarani is spoken by the majority of the population Paraguay
44%
whose flag has the motto Ordem e Progresso Brazil
40%
in which English is the official language Guyana
36%
with the world's largest oil reseves Venezuela
32%
No matching quizzes found
Score Distribution
Percent of People with Each Score
Percentile by Number Answered
Your Score History
You have not taken this quiz